|
|
|
|
| LEADER |
00000nab a2200000 a 4500 |
| 001 |
vtls008416993 |
| 003 |
SK-MaSNL |
| 005 |
20260304141402.0 |
| 008 |
250505c2005 xo mr|p|||||||000 b|slo |
| 015 |
|
|
|a SNBRB2005/12
|2 snkbucl
|
| 035 |
|
|
|a (uuid)fceaf786-b558-4f7e-9b1c-83be93353179
|
| 035 |
|
|
|a urn:nbn:sk:snk-abw6l
|
| 035 |
|
|
|a (urnnbn)urn:nbn:sk:snk:ar-a03rax
|
| 038 |
|
|
|a SNKBUCL
|
| 040 |
|
|
|a SNKBUCL
|b slo
|c SNKBUCL
|e AACR2
|
| 041 |
0 |
|
|a slo
|
| 044 |
|
|
|a xo
|c SK
|
| 080 |
|
|
|a 351.777.61.073.6
|2 1997
|
| 080 |
|
|
|a 628.4
|2 1997
|
| 245 |
0 |
0 |
|a Pokyn Daňového riaditeľstva SR k určeniu ukazovateľa dennej produkcie komunálnych odpadov a rozhodujúceho obdobia podľa zákona č. 582/2004 Z.z. o miestnych daniach a miestnom poplatku za komunálne odpady a drobné stavebné odpady v znení neskorších predpisov
|
| 650 |
0 |
7 |
|a stavebný odpad
|2 snkbucl
|9 70912
|
| 650 |
0 |
7 |
|a miestne poplatky
|2 snkbucl
|9 29171
|
| 650 |
0 |
7 |
|a odpadové hospodárstvo
|2 snkbucl
|9 3603
|
| 650 |
0 |
7 |
|a miestne dane
|2 snkbucl
|9 446513
|
| 650 |
0 |
7 |
|a komunálny odpad
|2 snkbucl
|9 3934
|
| 655 |
|
7 |
|a pokyny
|2 snkbucl
|9 70685
|
| 773 |
0 |
|
|t Odpady
|g Roč. 5, č. 8 (2005), s. 25-26
|x 1335-7808
|
| 850 |
|
|
|a Slovenská národná knižnica
|
| 852 |
|
|
|a Slovenská národná knižnica
|
| 954 |
|
|
|a odborná, vedecká literatúra pôvodná (slovenská)
|2 lita
|
| 958 |
|
|
|a article27
|
| 958 |
|
|
|a OND
|
| 958 |
|
|
|a EUIPO
|
| 999 |
|
|
|c 2918587
|d 2920517
|